<?xml version="1.0" encoding="UTF-8"?>
<collection xmlns="http://www.loc.gov/MARC21/slim">
 <record>
  <leader>01601nam a2200205Ia 4500</leader>
  <controlfield tag="001">TDMU_33894</controlfield>
  <controlfield tag="008">210410s9999    xx            000 0 und d</controlfield>
  <datafield tag="082" ind1=" " ind2=" ">
   <subfield code="a">378</subfield>
  </datafield>
  <datafield tag="090" ind1=" " ind2=" ">
   <subfield code="b">H531</subfield>
  </datafield>
  <datafield tag="100" ind1=" " ind2=" ">
   <subfield code="a">Huỳnh, Đỗ Phương Uyên</subfield>
  </datafield>
  <datafield tag="245" ind1=" " ind2="0">
   <subfield code="a">Nghiên cứu các yếu tố ảnh hưởng đến động lực làm việc của người lao động tại công ty cổ phần xây dựng Bình Dương</subfield>
  </datafield>
  <datafield tag="245" ind1=" " ind2="0">
   <subfield code="c">Huỳnh Đỗ Phương Uyên; TS. Nguyễn Hải Quang(hướng dẫn)</subfield>
  </datafield>
  <datafield tag="260" ind1=" " ind2=" ">
   <subfield code="a">Bình Dương</subfield>
  </datafield>
  <datafield tag="260" ind1=" " ind2=" ">
   <subfield code="c">2018</subfield>
  </datafield>
  <datafield tag="300" ind1=" " ind2=" ">
   <subfield code="a">88tr</subfield>
  </datafield>
  <datafield tag="520" ind1=" " ind2=" ">
   <subfield code="a">Chuyên ngành: Quản trị kinh doanh; Mã số: 83.40.101; Ý kiến về việc sao chép tài liệu: Đồng ý sao chép 50% ; Ý kiến về việc chuyển dạng tài liệu ( từ giấy sang điện tử):  đồng ý; TM tài liệu tham khảo sau phần kết luận; Luận văn Thạc sĩ Quản trị kinh doanh trường ĐH Thủ Dầu Một, 2018; Luận văn gồm 3 chương. Chương 1 Tổng quan về đề tài nghiên cứu; Chương 2 Cơ sở lý thuyết và mô hình nghiên cứu; Chương 3 Phương pháp nghiên cứu</subfield>
  </datafield>
  <datafield tag="650" ind1=" " ind2=" ">
   <subfield code="a">Luận văn; Động lực làm việc</subfield>
   <subfield code="x">Yếu tố ảnh hưởng</subfield>
   <subfield code="z">Công ty cổ phần xây dựng</subfield>
  </datafield>
  <datafield tag="700" ind1=" " ind2=" ">
   <subfield code="a">Nguyễn Hải Quang</subfield>
  </datafield>
  <datafield tag="856" ind1=" " ind2=" ">
   <subfield code="u">http://lrc.tdmu.edu.vn/opac/search/detail.asp?aID=2&amp;ID=33894</subfield>
  </datafield>
  <datafield tag="980" ind1=" " ind2=" ">
   <subfield code="a">Trung tâm Học liệu Trường Đại học Thủ Dầu Một</subfield>
  </datafield>
 </record>
</collection>
